000 00340nam a2200145Ia 4500
008 150201s1997 xx 000 0 und d
082 _a610
_bO 1997 W
100 _aD.WRAY
245 _aORAL MEDICINE
250 _a1ST
260 _bCHURCHILL LIVINGSTONE
_aEDINBURGH
_c1997
300 _a1-139
650 _aORAL MEDICINE
942 _2ddc
_cBK
999 _c2760
_d2760